Tư tưởng Hồ Chí Minh về đào tạo cán bộ và vận dụng trong xây dựng đạo đức cách mạng cho đội ngũ cán bộ, đảng viên hiện nay
Phân tích, làm rõ nguồn gốc và quá trình hình thành tư tưởng Hồ Chí Minh về cán bộ. Làm rõ nội dung cơ bản của tư tưởng Hồ Chí Minh về công tác cán bộ. Lý giải yêu cầu khách quan của việc vận dụng tư tưởng Hồ Chí Minh về cán bộ trong công tác xây dựng đạo đức cách mạng cho cán bộ, đảng viên....
Guardat en:
| Autor principal: | |
|---|---|
| Altres autors: | |
| Format: | Llibre |
| Idioma: | Vietnamese |
| Publicat: |
Đà Nẵng
Đại học Sư phạm, Đại học Đà Nẵng
2012
|
| Matèries: | |
| Etiquetes: |
Afegir etiqueta
Sense etiquetes, Sigues el primer a etiquetar aquest registre!
|
| Thư viện lưu trữ: | Mạng thư viện Đại học Đà Nẵng |
|---|
| LEADER | 01874nam a2200349 4500 | ||
|---|---|---|---|
| 001 | 000016718 | ||
| 003 | 13121 | ||
| 005 | 20130510150510.0 | ||
| 008 | 121220s2012 viesd | ||
| 041 | 0 | |a vie | |
| 082 | |a 335.4346 |b NG-L | ||
| 100 | 0 | |a Nguyễn Thị Lục |e Tác giả | |
| 245 | 0 | |a Tư tưởng Hồ Chí Minh về đào tạo cán bộ và vận dụng trong xây dựng đạo đức cách mạng cho đội ngũ cán bộ, đảng viên hiện nay |c Nguyễn Thị Lục | |
| 260 | |a Đà Nẵng |b Đại học Sư phạm, Đại học Đà Nẵng |c 2012 | ||
| 300 | |a 66 tr. |c 29 cm. |e Đĩa CD | ||
| 500 | |a Khóa luận tốt nghiệp đại học. Chuyên ngành: Sư phạm Giáo dục chính trị | ||
| 504 | |a Mục lục đầu trang, tài liệu tham khảo tr.64 - 66 | ||
| 520 | |a Phân tích, làm rõ nguồn gốc và quá trình hình thành tư tưởng Hồ Chí Minh về cán bộ. Làm rõ nội dung cơ bản của tư tưởng Hồ Chí Minh về công tác cán bộ. Lý giải yêu cầu khách quan của việc vận dụng tư tưởng Hồ Chí Minh về cán bộ trong công tác xây dựng đạo đức cách mạng cho cán bộ, đảng viên. | ||
| 650 | |a Khóa luận tốt nghiệp đại học | ||
| 650 | |a Giáo dục chính trị | ||
| 653 | |a Khoa Giáo dục chính trị | ||
| 700 | |a Dương Anh Hoàng |c TS |e Hướng dẫn | ||
| OWN | |a LSP | ||
| AVA | |a UDN50 |b LSP |d 335.4346 NG-L |e available |t Error 5001 Not defined in file expand_doc_bib_avail. |f 1 |g 0 |h N |i 0 |k 1 | ||
| 999 | |a From the UDN01 | ||
| AVA | |a UDN50 |b LSP |d 335.4346 NG-L |e available |t Error 5001 Not defined in file expand_doc_bib_avail. |f 1 |g 0 |h N |i 0 |k 1 | ||
| TYP | |a Monograph | ||
| TYP | |a Printed language | ||
| 980 | |a Mạng thư viện Đại học Đà Nẵng | ||